Most Popular Hip Hop Artists of 2018 - Statistics

General Stats
  • This quiz has been taken 117 times
  • The average score is 15 of 50
Answer Stats
Rank Artist % Correct
1. Drake
93%
7. Eminem
74%
30. Kanye West
68%
6. Travis Scott
64%
9. Kendrick Lamar
62%
3. Cardi B
60%
13. Nicki Minaj
59%
25. Logic
57%
4. XXXTENTACION
54%
5. Migos
51%
12. J. Cole
50%
37. JAY-Z
48%
22. Lil Uzi Vert
48%
17. Lil Wayne
46%
8. Juice WRLD
44%
23. Lil Pump
44%
2. Post Malone
43%
15. Lil Baby
42%
28. 21 Savage
40%
39. Future
40%
35. Offset
39%
42. Gunna
38%
47. Quavo
36%
14. 6ix9ine
27%
48. A$AP Rocky
24%
31. Lil Skies
21%
11. The Weeknd
21%
38. Trippie Redd
21%
50. DJ Khaled
18%
40. Gucci Mane
18%
27. Kodak Black
18%
46. Tyga
17%
24. Chris Brown
16%
32. Childish Gambino
14%
36. Metro Boomin
11%
41. YG
10%
44. Beyonce
9%
20. G-Eazy
9%
10. Bruno Mars
8%
16. Khalid
8%
29. Rich The Kid
8%
45. Ty Dolla $ign
7%
43. Famous Dex
6%
21. NF
4%
26. SZA
4%
34. BlocBoy JB
1%
19. Ella Mai
1%
18. YoungBoy Never Broke Again
1%
49. H.E.R
0%
33. The Carters
0%
No matching quizzes found
Score Distribution
Percent of People with Each Score
Percentile by Number Answered
Your Score History
You have not taken this quiz